Central Library OPAC University of Rajshahi

বাংলাদেশে বৌদ্ধদর্শন / (Record no. 79355)

MARC details
000 -LEADER
fixed length control field 01102nam a2200265 a 4500
001 - CONTROL NUMBER
control field 79355
003 - CONTROL NUMBER IDENTIFIER
rucl marc code BD-RjUL
005 - DATE AND TIME OF LATEST TRANSACTION
control field 20220622101804.0
008 - FIXED-LENGTH DATA ELEMENTS--GENERAL INFORMATION
fixed length control field 220210s2018 bg ||||| |||| 00| 0 ben d
020 ## - INTERNATIONAL STANDARD BOOK NUMBER
International Standard Book Number 9847000003539
Terms of availability :Tk.350.00
035 ## - SYSTEM CONTROL NUMBER
System control number (BD-RjUL)79355
040 ## - CATALOGING SOURCE
Original cataloging agency BD-RjUL
Language of cataloging eng
Transcribing agency BD-RjUL
041 ## - LANGUAGE CODE
Language code of text/sound track or separate title ben
082 ## - DEWEY DECIMAL CLASSIFICATION NUMBER
Edition number 23
Classification number 181.043
Author mark and year BAN 2018
245 ## - TITLE STATEMENT
Title বাংলাদেশে বৌদ্ধদর্শন /
Statement of responsibility, etc. সম্পাদক দিলীপ কুমার বড়ুয়া, মো. আনিসুজ্জামান
260 ## - PUBLICATION, DISTRIBUTION, ETC. (IMPRINT)
Place of publication, distribution, etc. ঢাকা :
Name of publisher, distributor, etc. জাতীয় সাহিত্য প্রকাশ,
Date of publication, distribution, etc. ২০১৮
300 ## - PHYSICAL DESCRIPTION
Pagination ২৪৬ পৃ.;
Size ২২ সেমি.
650 ## - SUBJECT ADDED ENTRY--TOPICAL TERM
Topical term or geographic name as entry element বৌদ্ধ দর্শন
9 (RLIN) 1252
Topical term or geographic name as entry element Buddhist philosophy
9 (RLIN) 1253
Topical term or geographic name as entry element বৌদ্ধ ধর্ম
Geographic subdivision বাংলাদেশ
9 (RLIN) 1254
Topical term or geographic name as entry element Buddhism
Geographic subdivision Bangladesh
9 (RLIN) 1255
700 ## - ADDED ENTRY--PERSONAL NAME
Personal name বড়ুয়া, দিলীপ কুমার
Personal name আনিসুজ্জামান, মো.
942 ## - ADDED ENTRY ELEMENTS (KOHA)
Source of classification or shelving scheme Dewey Decimal Classification
Koha item type Books
Holdings
Lost status Source of classification or shelving scheme Damaged status Not for loan Collection code Permanent Location Current Location Shelving location Date acquired Source of acquisition Cost, normal purchase price Full call number Date last seen Copy number Koha item type Total Checkouts
  Dewey Decimal Classification   Not For Loan Non-fiction Central Library, University of Rajshahi Central Library, University of Rajshahi Reading Room 27/01/2022 Jatiya Sahitya Prakash, Dhaka 245.00 B 181.043 BAN 2018 10/02/2022 C-1 Books  
  Dewey Decimal Classification     Non-fiction Central Library, University of Rajshahi Central Library, University of Rajshahi General Stacks 27/01/2022 Jatiya Sahitya Prakash, Dhaka 245.00 B 181.043 BAN 2018 10/02/2022 C-2 Books  
  Dewey Decimal Classification     Non-fiction Central Library, University of Rajshahi Central Library, University of Rajshahi General Stacks 10/04/2022 Md. Anisuzzaman 263.00 B 181.043 BAN 2018 22/06/2022 C-3 Books  
  Dewey Decimal Classification     Non-fiction Central Library, University of Rajshahi Central Library, University of Rajshahi General Stacks 10/04/2022 Md. Anisuzzaman 263.00 B 181.043 BAN 2018 28/06/2022 C-4 Books  
  Dewey Decimal Classification     Non-fiction Central Library, University of Rajshahi Central Library, University of Rajshahi General Stacks 10/04/2022 Md. Anisuzzaman 263.00 B 181.043 BAN 2018 28/06/2022 C-5 Books  
  Dewey Decimal Classification     Non-fiction Central Library, University of Rajshahi Central Library, University of Rajshahi General Stacks 10/04/2022 Md. Anisuzzaman 263.00 B 181.043 BAN 2018 28/06/2022 C-6 Books  
  Dewey Decimal Classification     Non-fiction Central Library, University of Rajshahi Central Library, University of Rajshahi General Stacks 10/04/2022 Md. Anisuzzaman 263.00 B 181.043 BAN 2018 28/06/2022 C-7 Books